000 00422nam a2200181Ia 4500
005 20250423100617.0
008 250422s9999 xx 000 0 und d
020 _a978-007-126327
050 _aHG 4026 .B667/
100 _aRichard A.Brealey
245 0 _aPrinciple of Corporate Finance
250 _a9 th
260 _bSteawart C. Myers
260 _c2008
300 _a975 p
650 _aBusiness
942 _cBK
999 _c33825
_d33825